| 000 | 00831nam a2200325 a 4500 | ||
|---|---|---|---|
| 003 | AR-BaBNM | ||
| 005 | 20251128205352.0 | ||
| 008 | 082120s2002 ||||||||||||||000 | spa|| | ||
| 020 | _a84-378-0238-5 | ||
| 040 | _cAR-BaBNM | ||
| 110 | 1 |
_aAlicante _bDiputación |
|
| 245 | 0 | 0 | _aTodo Alicante y su costa blanca |
| 250 | _a8ª ed. | ||
| 260 |
_aBarcelona _bEscudo de Oro _c1986 |
||
| 300 |
_a95 p. _bil., láms., mapas |
||
| 490 | 0 | _aToda españa | |
| 650 | 4 | _aTURISMO | |
| 650 | 4 | _aGUIAS DE VIAJE | |
| 650 | 4 | _aMUSEOS | |
| 650 | 4 | _aMONUMENTOS HISTORICOS | |
| 650 | 4 | _aVISITAS A LOS MUSEOS | |
| 650 | 4 | _aARTE RELIGIOSO | |
| 650 | 4 | _aDISEÑO ARQUITECTONICO | |
| 650 | 4 | _aEDIFICIOS RELIGIOSOS | |
| 650 | 4 | _aPERIODICOS | |
| 650 | 4 | _aPATRIMONIO CULTURAL | |
| 651 | 4 | _aEspaña | |
| 942 | _cBK | ||
| 998 | _cmariana | ||
| 999 |
_c11125 _d11125 |
||